ARRUPE JESUIT UNIVERSITY

CORONAVIRUS -STOP THE SPREAD - CLEAN,DISINFECT,COVER

Using questionnaires in small-scale research (Record no. 119493)

MARC details
000 -LEADER
fixed length control field 00523nam a22001577a 4500
008 - FIXED-LENGTH DATA ELEMENTS--GENERAL INFORMATION
fixed length control field 131220b xxu||||| |||| 00| 0 eng d
020 ## - INTERNATIONAL STANDARD BOOK NUMBER
International Standard Book Number 0947833307
050 ## - LIBRARY OF CONGRESS CALL NUMBER
Classification number LE1028.M965
100 ## - MAIN ENTRY--PERSONAL NAME
Personal name Munn,. Pamela
9 (RLIN) 6486
245 ## - TITLE STATEMENT
Title Using questionnaires in small-scale research
Remainder of title A teachers' guide
Statement of responsibility, etc Pamela Munn
260 ## - PUBLICATION, DISTRIBUTION, ETC. (IMPRINT)
Place of publication, distribution, etc Edinburgh
Name of publisher, distributor, etc Scottish Council for Research in Education
Date of publication, distribution, etc 1990
300 ## - PHYSICAL DESCRIPTION
Extent vi; 66p.;
Dimensions 21cm
440 ## - SERIES STATEMENT/ADDED ENTRY--TITLE
Title SCRE publications n.104
9 (RLIN) 6487
650 ## - SUBJECT ADDED ENTRY--TOPICAL TERM
Topical term or geographic name as entry element Educational research
9 (RLIN) 6488
942 ## - ADDED ENTRY ELEMENTS (KOHA)
Source of classification or shelving scheme Library of Congress Classification
Item type Monograph ( Printed materials)
Holdings
Withdrawn status Lost status Source of classification or shelving scheme Damaged status Not for loan Home library Current library Date acquired Total Checkouts Full call number Barcode Date last seen Price effective from Koha item type
    Library of Congress Classification     ARRUPE LIBRARY ARRUPE LIBRARY 20/12/2013   LE1028.M965 464122881 28/06/2018 20/12/2013 Monograph ( Printed materials)

 

Arrupe Library. PO Box MP320 Mt Pleasant, Harare, Zimbabwe
263 242 745411|librarian@aju.ac.zw